|
|
|
|
| LEADER |
01097nam a22002531u 4500 |
| 001 |
c000372743 |
| 003 |
CARM |
| 005 |
00000000000000.0 |
| 008 |
870210s1965 fr 00000 eng d |
| 019 |
1 |
|
|a 5229359
|5 LACONCORD2021
|
| 035 |
|
|
|a (OCoLC)2227768
|5 LACONCORD2021
|
| 040 |
|
|
|d SUA
|
| 100 |
1 |
|
|a Ibarrola, Jésus.
|
| 245 |
1 |
0 |
|a Structure sociale et fortune mobiliere et immobiliere a Grenoble en 1847.
|
| 260 |
|
|
|a Paris :
|b Mouton,
|c 1965.
|
| 300 |
|
|
|a ix, 124 p.
|
| 490 |
0 |
|
|a Publications: Serie histoire sociale / University de Grenoble - Faculte de Droit et des Sciences Economiques ;
|v vol. no.1
|
| 651 |
|
0 |
|a Grenoble
|x Social Conditions.
|
| 651 |
|
0 |
|a Grenoble
|x Economic Conditions.
|
| 830 |
|
0 |
|a Publications: Serie histoire sociale ((University de Grenoble - Faculte de Droit et des Sciences Economiques) ;
|v vol. no.1.
|
| 852 |
8 |
|
|b CARM
|h A1:AN04G0
|i B08401
|p 0406797
|f BK
|
| 082 |
0 |
4 |
|a 309.14499
|
| 999 |
f |
f |
|i 19f8a3ff-e4e1-5c53-8b2b-5afea79570bf
|s f2f81e33-be09-5b02-8a3a-d038fc25fd30
|
| 952 |
f |
f |
|p Can circulate
|a CAVAL
|b CAVAL
|c CAVAL
|d CARM 1 Store
|e B08401
|f A1:AN04G0
|h Other scheme
|i book
|m 0406797
|